HIMYM Logic Puzzle: Find The Mother Quiz Stats

 Plays Quiz Updated Oct 12, 2016

Support Sporcle.
Go Orange.
Score 0/25 Timer 20:00
67 Plays Today
% Correct



A1



???
100%



C1



???
71.6%



C2



???
64%



D4



???
63.4%



C3



???
61%



A5



???
54.1%



E1



???
53.6%



E5



???
40.6%



B1



???
39%



A2



???
36.9%



C5



???
36.7%



C4



???
35.1%



B5



???
33%
% Correct



B2



???
30.8%



D5



???
29.6%



B4



???
26.1%



B3



???
20%



E2



???
17.2%



E4



???
16.9%



E3



???
16.4%



D3



???
15%



D2



???
14.3%



A4



???
13.3%



D1



???
11.8%



A3



???
11.1%

You're not logged in!

Compare scores with friends on all Sporcle quizzes.
OR
Log In

From the Vault

Classical Music Clip Challenge

by Saulmeister

Kill the wabbit, kill the wabbit, kill the wabbit....
Remove Ads.
Support Sporcle.
Get the best of Sporcle when you Go Orange. This ad-free experience offers more features, more stats, and more fun while also helping to support Sporcle. Thank you for becoming a member.

Show Comments

Extras

Top Quizzes Today


Score Distribution

Your Account Isn't Verified!

In order to create a playlist on Sporcle, you need to verify the email address you used during registration. Go to your Sporcle Settings to finish the process.

Report this User

Report this user for behavior that violates our Community Guidelines.

Details: